000 01060cam a22003011 4500
001 8386
003 FISKH
005 20250910120309.0
008 770920s1943 maua j 000 1 eng
010 _a 43018856
035 _a3109302
040 _aDLC
_cMB
_dDLC
_beng
050 _aPZ7.B954 K
082 _a808.068
100 1 _aBurton, Virginia Lee,
_d1909-1968.
245 1 0 _aKaty and the big snow;
_bstory and pictures
_cby Virginia Lee Burton.
250 _aThis edition published in 1996
260 _aBoston :
_bHoughton Mifflin company,
_c1943.
300 _a38 pages :
_bcolor illustrations ;
_c19 cm
505 _aL
520 _aKaty, a red crawler tractor, belonged to the Highway Department of the City of Geoppolis. She was not used in winter, however, until a huge snow storm snowed in the whole city. Then Katy plowed out everyone.
521 8 _a520
_bLexile
521 8 _aL
_bRaz-Plus
650 _aTransportation
_vWeather
906 _a7
_bcbc
_corignew
_du
_eocip
_f19
_gy-gencatlg
942 _2ddc
_cBK
_n0
999 _c8386
_d8386